| 000 | 00347nam a22001337a 4500 | ||
|---|---|---|---|
| 020 | _a0195676955 | ||
| 082 |
_222 _a658.45 |
||
| 100 | _aRaman, Meenkshi, and Singh, Prakash. | ||
| 245 | _aBusiness communication / | ||
| 250 | _aNA | ||
| 260 |
_aNew Delhi, _bOxfort University, _cc2008. |
||
| 300 |
_avii,595 p. ; _bill. ; _c24 cm. |
||
| 942 |
_2ddc _cCIVIL |
||
| 999 |
_c1119 _d1119 |
||